LEADER 00979nam a2200241 i 4500 001 000000171964 003 CaOOAMICUS 005 20080527000000.0 008 080527s1966 it u000 u ita u 013 $a149399 040 $aSeMil$bita 100 1 $aZezzos, Rossano.$0(OLS)http://semarc/name/37606 245 10$aMilano e il suo commercio /$cRossano Zezzos. 260 $aMilano :$bUnione Commercianti della Provincia di Milano,$ccopyr. 1966. 300 $a396 p. :$briccamente ill. ;$c31 cm. 500 $aIn custodia. - Fondo Card. Giovanni Colombo. 650 4$aMilano - Commercio.$0(OLS)http://semarc/subject/16541 850 $aSeMil 852 $aSeMil$W1$xVenegono$y1$m3O VI 28$j122827$B122827$CSeMilBibl$Z2$F138556 $81 941 1 $a3 961 $aLascito: Colombo Card. Giovanni 996 $6245$aMilano e il suo commercio$9(OLS)http://semarc/title/246146 996 $6260$aMilano :$bUnione Commercianti della Provincia di Milano$9(OLS)http://semarc/publisher/49072 LEADER 01012nam a2200253 i 4500 001 000000179382 003 CaOOAMICUS 005 20090512000000.0 008 090512s1984 it u000 u ita u 013 $a156958 020 $a88-382-3504-X 040 $aSeMil$bita 100 1 $aConfessore, Ornella.$0(OLS)http://semarc/name/18733 245 12$aL'americanismo cattolico in Italia /$cOrnella Confessore. 260 $aRoma :$bStudium,$ccopyr. 1984. 300 $a219 p. ;$c21 cm. 490 0 $aReligione e società : storia della Chiesa e dei movimenti cattolici ;$v10 500 $aContiene : Appendice. 830 0$aReligione e società ;$v10.$0(OLS)http://semarc/title/6868 850 $aSeMil 852 $aSeMil$W1$xVenegono$y1$m3B I 176$j130144$B130144$CSeMilBibl$Z2$F141641 $81 996 $6020$a88-382-3504-X$9(OLS)http://semarc/number/168542 996 $6245$aL'americanismo cattolico in Italia$9(OLS)http://semarc/title/257563 996 $6260$aRoma :$bStudium$9(OLS)http://semarc/publisher/29617